00762nam a2200241 a 450000100060000000300080000600500170001400800410003103500190007204000370009104100080012804200120013608200280014810000320017624500880020826000410029630000240033750000270036150400370038865000220042565100470044770000260049414952BD-RjUL20211208235725.0760130s1946 ii b 000 0 eng  a(BD-RjUL)15006 aDLCcCtWdCtWdDLCdBD-RjULbeng aeng apremarc a335.00954223bDES 19461 aDeva, Narendra,d1889-1956.10aSocialism and the national revolution /cby Narendra Deva ; ed. by Yusuf Meherally. aBombay :bPadma Publications ,c1946 axvi, 208 p.c23 cm. aAddenda slip inserted. a"Books recommended": p. 193-195. 0aSocialismzIndia. 0aIndiaxPolitics and governmenty1919-1947.1 aMeherally, Yusuf, ed.